Le Paris moderne (Registro nro. 242420)

Detalles MARC
000 -ENCABEZADO
Número de control [NR] 01158nam a2200277Ma 4500
005 - FECHA Y HORA DE LA ÚLTIMA TRANSACCIÓN
control field 20140903175109.0
008 - DE LONGITUD FIJA DE DATOS DE ELEMENTOS - INFORMACIÓN GENERAL
Elementos de longitud fija [NR] 1406 s2010 fr ao fr 001 0 fre d
020 ## - NUMERO INTERNACIONAL NORMALIZADO PARA LIBROS [R]
Número Internacional Normalizado del libro [NR] 2753510237
020 ## - NUMERO INTERNACIONAL NORMALIZADO PARA LIBROS [R]
Número Internacional Normalizado del libro [NR] 9782753510234
040 ## - FUENTE DE CATALOGACION [NR]
Agencia de catalogación original [NR] CO-BoUCM
Idioma de catalogación [NR] spa
Quien Cataloga Jose A. Gerena
Quien Clasifica Jose A. Gerena
041 0# - CODIGO DE IDIOMA [R]
Código de idioma para texto/pista de sonido o título separado [R] Francés
100 1# - ASIENTO PRINCIPAL--NOMBRE PERSONAL [NR]
Nombre personal [NR] Chevallier, Fabienne
ID Autoridad 62075
245 13 - MENCION DE TITULO [NR]
Título [NR] Le Paris moderne
Parte restante del título [NR] histoire des politiques d'hygiène (1855-1898)
Mención de responsabilidad, etc. [NR] Fabienne Chevallier
260 ## - PUBLICACION, DISTRIBUCION, ETC. (PIE DE IMPRENTA) [R]
Lugar de publicación, distribución, etc. [R] Rennes (Francia)
Nombre del editor, distribuidor, etc. [R] Presses Universitaires de Rennes
Fecha de publicación, distribución, etc. [R] 2010
300 ## - DESCRIPCION FISICA [R]
Extensión [R] 410 páginas
Otros detalles físicos [NR] ilustraciones, fotografías
490 0# - MENCION DE SERIE [R]
Mención de serie [R] Art & Société
504 ## - NOTA DE BIBLIOGRAFIA, ETC. [R]
Nota de bibliografía, etc. [NR] Incluye referencias bibliográficas e índices
650 #7 - ASIENTO SECUNDARIO DE MATERIA - TERMINO TEMATICO [R]
Término temático o nombre geográfico como elemento de entrada [NR] Higiene pública
Subdivisión geográfica [R] París (Francia)
Subdivisión general [R] Historia
Subdivisión cronológica [R] 1855-1898
9 (RLIN) 16835
650 #7 - ASIENTO SECUNDARIO DE MATERIA - TERMINO TEMATICO [R]
Término temático o nombre geográfico como elemento de entrada [NR] Historia
Subdivisión geográfica [R] París (Francia)
Subdivisión cronológica [R] 1855-1898
9 (RLIN) 7695
650 #7 - ASIENTO SECUNDARIO DE MATERIA - TERMINO TEMATICO [R]
Término temático o nombre geográfico como elemento de entrada [NR] Salud pública
Subdivisión geográfica [R] París (Francia)
Subdivisión general [R] Historia
Subdivisión cronológica [R] 1855-1898
9 (RLIN) 8073
650 #7 - ASIENTO SECUNDARIO DE MATERIA - TERMINO TEMATICO [R]
Término temático o nombre geográfico como elemento de entrada [NR] Vivienda y salud
Subdivisión geográfica [R] París (Francia)
Subdivisión general [R] Historia
Subdivisión cronológica [R] 1855-1898
9 (RLIN) 26347
651 ## - ASIENTO SECUNDARIO DE MATERIA - NOMBRE GEOGRAFICO [R]
Nombre geográfico [NR] París (Francia)
Subdivisión general [R] Historia
-- Higiene pública
Subdivisión cronológica [R] 1855-1898
9 (RLIN) 62076
690 ## - ASUNTO AGREGADO LOCAL DE ENTRADA - TÉRMINO TEMÁTICO (OCLC, RLIN)
9 (RLIN) 42846
Acceso temático local Historia de Europa
942 ## - ELEMENTOS DE ENTRADA AGREGADOS (KOHA)
Tema principal Historia
Tipo de ítem principal el descrito en 300a Libro
Edición 1
Parte restante de la signatura top. C527p
Sistema de clasificación DEWEY
Clasificación 944
Existencias
Total préstamos Signatura topográfica Código de barras Última vez visto Ejemplar Costo de reposición Price effective from Tipo de ítem Perdido Sistema de clasificación Dañado No prestable Tipo de ítem específico Suprimido Ubicación habitual Ubicación actual Localización Fecha de creación Proveedor Forma de adquisición Costo
  944 C527p 100142642 09/12/2025 Ej.1 53650.00 22/05/2014 Libro   DEWEY     Libro   Claustro Claustro 2do piso 22/05/2014 15 Compra 53650.00